00921nam a22002535i 450000100060000000300090000600500170001500700030003200800410003502000180007608000140009410000420010824501260015025000120027626000340028830000210032249000380034350400320038165000410041383000520045485200220050699900170052895201220054582119ES-MaACL20250815103157.0t|041123s1993 sp ||||0| spa d a84-7432-495-5 a001:1"19"1 aMartínez Miguélez, Miguel.97823613aEl paradigma emergente : bhacia una nueva teoría de la racionalidad científica / cpor Miguel Martínez Miguélez. a1ª ed. aBarcelona : bGedisa, c1993. a191 p ; c23 cm.1 aLímites de la ciencia ; vv. 29 aBibliografía: p. 187-191. 4aCiencia-xFilosofía-yS.XX.91095310aLímites de la ciencia (Gedisa)vv. 2991842794 aES-MaACLjE-10471 c82119d82119 00104070aATENEOMbATENEOMcDEPO2d2008-01-17eSCl0oE-10471p1085829r2023-02-23 00:00:00w2023-02-23yMONOGRAFIA